| 000 | 01359nam0a22003251 4500 | ||
|---|---|---|---|
| 001 | RU\NLR\INFOCOMM_195\5000048803 | ||
| 005 | 20260406121614.0 | ||
| 035 | _a(NLR Aleph) 009174671 | ||
| 090 |
_a8534461 _c8534461 |
||
| 100 | _a20100305d1979 |||y0rusy50 ca | ||
| 101 | 0 | _aeng | |
| 102 | _aRU | ||
| 105 | _ay ||||000|y | ||
| 200 | 1 |
_aInternational division of labour and the developing countries' struggle for a new world economic order _fS. A. Bylinyak _gUSSR Acad. of sciences, Inst. of Oriental studies |
|
| 210 |
_aМ. _cNauka _d1979 |
||
| 215 |
_a13 с. _d21 см |
||
| 225 | 1 |
_aPapers for the Congress _fXI World congr. of Intern. polit. science assoc., Moscow, Aug. 12-18, 1979 |
|
| 320 | _aБиблиогр. в примеч.: с. 12-13 | ||
| 606 |
_aРазвивающиеся страны _xНародное хозяйство _2nlr_sh1 |
||
| 606 |
_aМеждународное разделение труда _2nlr_sh1 |
||
| 686 |
_aУ7-190 _2rubbk |
||
| 686 |
_aУ580.1 _2rubbk |
||
| 700 | 1 |
_9z01790 _aBylinjak _bS. A. _gStanislav Arkad'evič _4070 |
|
| 712 | 0 | 2 |
_4570 _8eng _aInternational association of political science _bCongress _d11 _f1979 _eMoscow _7ba _3RU\NLR\AUTH\8814217 _9301597 |
| 790 | 1 |
_9z01700 _aBylinyak _bS. A. _4070 |
|
| 801 | 1 |
_aRU _bNLR _c20100305 |
|
| 801 | 0 |
_aRU _bNLR _gPSBO |
|
| 852 |
_aNLR _jЭк21 Д-4/158 |
||
| 942 | _cBOOK | ||
| 980 | _aNB | ||